|
|
|
|
| LEADER |
00000naa2a2200000 4500 |
| 001 |
189155 |
| 005 |
20231031175157.0 |
| 035 |
|
|
|a (RuTPU)RU\TPU\book\205532
|
| 090 |
|
|
|a 189155
|
| 100 |
|
|
|a 20101221d2010 k y0rusy50 ca
|
| 101 |
0 |
|
|a rus
|
| 102 |
|
|
|a RU
|
| 200 |
1 |
|
|a Сборная торцевая фреза с изменяющимися геометрическими параметрами
|f Е. В. Никулин
|
| 320 |
|
|
|a Библиогр.: 3 назв.
|
| 463 |
|
0 |
|0 (RuTPU)RU\TPU\book\199146
|y 978-5-98298-642-9
|t Инновационные технологии и экономика в машиностроении
|o сборник трудов Международной научно-практической конференции с элементами научной школы для молодых ученых, 20-21 мая 2010 г. г. Юрга
|f Национальный исследовательский Томский политехнический университет (ТПУ), Юргинский технологический институт (ЮТИ); под ред. Д. А. Чинахова
|v С. 188-190
|d 2010
|p 577 с.
|
| 610 |
1 |
|
|a торцевые фрезы
|
| 610 |
1 |
|
|a геометрические параметры
|
| 610 |
1 |
|
|a схемы
|
| 610 |
1 |
|
|a труды учёных ТПУ
|
| 700 |
|
1 |
|a Никулин
|b Е. В.
|
| 801 |
|
1 |
|a RU
|b 63413507
|c 20101221
|
| 942 |
|
|
|c BK
|